| 000 | 00463nam a2200157Ia 4500 | ||
|---|---|---|---|
| 008 | 220531s9999 xx 000 0 und d | ||
| 041 | _amar | ||
| 100 |
_aनानिवडेकर मेधा _942689 |
||
| 245 | _aमहिलांचा सत्तेतील सहभाग | ||
| 260 |
_bRambhau mhalagi prabodhini _c1999 |
||
| 300 | _a43 | ||
| 542 | _d08-09-2000 | ||
| 650 |
_aSociology _942690 |
||
| 906 | _d2000-2001 | ||
| 999 |
_c25435 _d25435 |
||